Générique Chocola et Vanilla - Paroles - Statistiques

Statistiques générales
  • Ce quiz a été pris 36 fois
  • Le résultat moyen est 22 sur 30
Statistiques - réponses
Paroles % Correct
La la la la la {la}
100%
La la la la la {la}
100%
La la la la la {la}
100%
La la la la la {la}
100%
Chocola et {Vanilla}
86%
Chocolat à la {folie}
86%
Dont je suis follement {amoureuse}
86%
La la la la la {la}
82%
La la la la la {la}
82%
La la la la la {la}
82%
La la la la la {la}
82%
La la la la la {la}
82%
La la la la la {la}
82%
En un rien de {temps}
79%
Sont deux belles petites {filles}
79%
Chocolat à la {folie}
75%
Chocolat à la {folie}
75%
Le rouge de la {passion}
75%
Chocolat à la {folie}
71%
Celui que je veux, c'est {toi}
68%
Les chuchotements de l'{amour}
68%
Le secret des {pierres} précieuses
68%
C'est ce garçon {précis}
54%
En vérite, c'est toi que j'{adore}
54%
Même s'il est {acidulé}
50%
Il arrête de me {parler}
46%
M'attirent seulement {deux} fois
43%
C'est ce garçon {précis}
39%
Par qui je veux être {embrassée}
32%
Je suis {captive}
29%
Aucun quiz correspondant
Distribution des résultats
% des personnes avec chaque résultat
Percentile par nombre de réponses
Votre historique - résultats
Vous n’avez pas pris ce quiz